| 000 | 01129nam a2200241 a 4500 | ||
|---|---|---|---|
| 001 | BRCA_3663 | ||
| 005 | 20190320204355.0 | ||
| 008 | 010909s2006----mx-#---###---#000-0#spa-# | ||
| 041 | _aspa | ||
| 044 | _amx | ||
| 050 | 4 |
_aCD973.2 _b.P74 2006 |
|
| 245 | 1 | 0 |
_aLa preservación de la memoria audiovisual en la sociedad digital _bmemorias del Tercer Seminario Internacional de Archivos Sonoros y Audiovisuales _ccompilación a cargo de Perla Olivia Rodríguez Reséndiz y Leopoldo Ortega Carmona ; con la colaboración de Lourdes Ayluardo ... [et al.]. |
| 260 |
_aMéxico _bRadio Educación _c2006 |
||
| 300 |
_a214 p. _c22 cm. |
||
| 500 | _a3er Seminario Internacional de Archivos Sonoros y Audiovisuales (Ciudad de México), 2006 | ||
| 650 | 1 | 4 |
_aArchivos audiovisuales _vCongresos _zAmérica Latina _99506 |
| 650 | 1 | 4 |
_aArchivos audiovisuales _vCongresos _xAdministración _zAmérica Latina _99507 |
| 650 | 1 | 4 |
_aMateriales audiovisuales _xConservación y restauración _99508 |
| 700 | 1 |
_aRodríguez Reséndiz, Perla Olivia _99509 |
|
| 700 | 1 |
_aOrtega Carmona, Leopoldo _99510 |
|
| 700 | 1 |
_aAyluardo, Lourdes _99511 |
|
| 942 |
_2lcc _cB |
||
| 999 |
_c3395 _d3395 |
||